[Event "Penang op 15th"]
[Site "Penang"]
[Date "2023.12.21"]
[Round "6"]
[White "Kumaran, Ashwiniy"]
[Black "Fu, Yihe Rebo"]
[Result "0-1"]
[WhiteElo "1495"]
[BlackElo "2044"]
[PlyCount "82"]
[EventDate "2023.12.18"]
[EventType "swiss"]
[EventRounds "9"]
[EventCountry "MAS"]
[SourceTitle "CB52_2023"]
[SourceDate "2023.12.27"]
[SourceVersion "1"]
[SourceVersionDate "2023.12.27"]
[SourceQuality "1"]

1. e4 c5 2. Nf3 e6 3. d4 cxd4 4. Nxd4 Nc6 5. Nc3 Qc7 6. Be3 a6 7. a3 Nf6 8. f4 d6 9. Qf3 Be7 10. 0-0-0 Nxd4 11. Rxd4 Bd7 12. h3 Rc8 13. Rd3 Bc6 14. Qd1 Nxe4 15. Nxe4 Bxe4 16. Rc3 Bc6 17. Bd4 e5 18. Be3 0-0 19. Be2 Bf6 20. Rg1 Rfe8 21. Bg4 Rcd8 22. Rb3 b5 23. fxe5 dxe5 24. Qf1 e4 25. Qf2 Qe5 26. Kb1 Bd5 27. Rc3 Bc4 28. Bb6 Rd5 29. Be2 Rd2 30. Re1 Qd6 31. Bc5 Rxe2 32. Qxe2 Qxc5 33. Qd2 Bxc3 34. Qxc3 Qe5 35. Qa5 Qd6 36. b3 Bd5 37. Rd1 e3 38. Qe1 e2 39. Rd2 Qe5 40. g3 Qe4 41. Ka2 Qh1 0-1

[Event "Penang op 15th"]
[Site "Penang"]
[Date "2023.12.18"]
[Round "1"]
[White "Villanueva, Nelson"]
[Black "Kumaran, Ashwiniy"]
[Result "1-0"]
[WhiteElo "2119"]
[BlackElo "1495"]
[PlyCount "99"]
[EventDate "2023.12.18"]
[EventType "swiss"]
[EventRounds "9"]
[EventCountry "MAS"]
[SourceTitle "CB52_2023"]
[SourceDate "2023.12.27"]
[SourceVersion "1"]
[SourceVersionDate "2023.12.27"]
[SourceQuality "1"]

1. d4 Nf6 2. c4 g6 3. Nf3 Bg7 4. g3 0-0 5. Bg2 c5 6. 0-0 d6 7. h3 Nc6 8. Nc3 cxd4 9. Nxd4 Nxd4 10. Qxd4 Nd7 11. Qh4 Ne5 12. Nd5 Re8 13. Rd1 Bd7 14. Be3 Bc6 15. c5 dxc5 16. Bxc5 Bxd5 17. Bxd5 Qc8 18. Bxe7 Nc6 19. Bxc6 Qxc6 20. Rd2 h6 21. Ba3 Re4 22. g4 b5 23. Bd6 Rae8 24. Re1 h5 25. Qg3 hxg4 26. hxg4 Qc4 27. b3 Qe6 28. f3 Re3 29. Bb4 Be5 30. Qf2 Bf4 31. Rd4 Bc7 32. Bd2 Re5 33. e3 Bb6 34. Rd3 Rd5 35. Rxd5 Qxd5 36. Kg2 Rd8 37. Bc3 Rc8 38. Bf6 Rc6 39. g5 Bd8 40. Bxd8 Qxd8 41. f4 Qd3 42. Re2 Rc1 43. Kg3 Qb1 44. Rb2 Rg1+ 45. Kf3 Qd1+ 46. Ke4 Rf1 47. Qe2 Qc1 48. Rc2 Qb1 49. Qd3 Qe1 50. Qd8+ 1-0

[Event "Eastern Asia-ch U12 Girls"]
[Site "Tornelo INT"]
[Date "2021.10.23"]
[Round "5"]
[White "Kumaran, Ashwiniy"]
[Black "Enerel, Burentsogt"]
[Result "1-0"]
[WhiteElo "1218"]
[BlackElo "1038"]
[PlyCount "85"]
[EventDate "2021.10.22"]
[EventType "swiss"]
[EventRounds "9"]
[EventCountry "NET"]
[SourceTitle "EXT 2023"]
[Source "ChessBase"]
[SourceDate "2022.10.05"]
[SourceVersion "1"]
[SourceVersionDate "2022.10.05"]
[SourceQuality "1"]

1. e4 c5 2. Nf3 e6 3. d4 cxd4 4. Nxd4 Nf6 5. Nc3 d6 6. Be3 a6 7. f3 Nbd7 8. Qd2 b5 9. a3 Bb7 10. 0-0-0 d5 11. exd5 Nxd5 12. Nxd5 Bxd5 13. Be2 Be7 14. g4 b4 15. axb4 0-0 16. h4 a5 17. b5 a4 18. Nc6 Bxc6 19. bxc6 a3 20. b3 a2 21. Kb2 Bf6+ 22. c3 Ne5 23. Qxd8 Bxd8 24. f4 Ng6 25. h5 Ne7 26. Bf3 Bc7 27. Rd7 Ba5 28. b4 Bxb4 29. cxb4 Rfb8 30. Rb7 Nd5 31. Bxd5 exd5 32. Rxb8+ Rxb8 33. c7 Rc8 34. Rc1 h6 35. Kxa2 Ra8+ 36. Kb3 Rc8 37. b5 Kh7 38. b6 d4 39. Bxd4 Re8 40. c8Q Rxc8 41. Rxc8 f5 42. gxf5 g6 43. Rh8# 1-0